MARC details
| 000 -CABECERA |
| campo de control de longitud fija |
03656nam a2200565Ia 4500 |
| 001 - NÚMERO DE CONTROL |
| campo de control |
dia_3803 |
| 003 - IDENTIFICADOR DEL NÚMERO DE CONTROL |
| campo de control |
CHAP |
| 005 - FECHA Y HORA DE LA ÚLTIMA TRANSACCIÓN |
| campo de control |
20240318124625.0 |
| 007 - CAMPO FIJO DE DESCRIPCIÓN FÍSICA--INFORMACIÓN GENERAL |
| campo de control de longitud fija |
ta |
| 008 - DATOS DE LONGITUD FIJA--INFORMACIÓN GENERAL |
| campo de control de longitud fija |
220117s2006 mx deo fr m 001 0 spa d |
| 040 ## - FUENTE DE LA CATALOGACIÓN |
| Centro/agencia transcriptor |
CHAP |
| Centro catalogador/agencia de origen |
mxchpua |
| 090 ## - LOCALMENTE ASIGNADO TIPO-LC NÚMERO DE CLASIFICACIÓN (OCLC); NÚMERO DE CLASIFICACIÓN LOCAL (RLIN) |
| Número de clasificación (OCLC) (R) ; Numero de clasificación, CALL (RLIN) (NR) |
T.C.450 |
| Número cutter local (OCLC) ; Número de libro/Signatura topográfica íntegra, CALL (RLIN) |
S99 EIUPA |
| Año |
2006 |
| 245 10 - MENCIÓN DE TÍTULO |
| Título |
Grupo agroindustrial y alcoholero de México, S. A. de C. V. / |
| Mención de responsabilidad, etc. |
coordinadores Rosa Guadalupe Szymanski Duque y Amilcar Renan Mejenes Quijano ; colaboradores José Evandro Briones Bermudes...[et al.] |
| 260 ## - PUBLICACIÓN, DISTRIBUCIÓN, ETC. |
| Lugar de publicación, distribución, etc. |
México : |
| Nombre del editor, distribuidor, etc. |
El autor, |
| Fecha de publicación, distribución, etc. |
2006 |
| 300 ## - DESCRIPCIÓN FÍSICA |
| Extensión |
78 hojas : |
| Otras características físicas |
gráficas, diagramas, tablas, fotos, planos |
| 336 ## - TIPO DE CONTENIDO |
| Fuente |
rdacontent |
| Término de tipo de contenido |
texto |
| Código de tipo de contenido |
txt |
| 337 ## - TIPO DE MEDIO |
| Fuente |
rdamedia |
| Nombre/término del tipo de medio |
computadora |
| Código del tipo de medio |
c |
| 338 ## - TIPO DE SOPORTE |
| Fuente |
rdacarrier |
| Nombre/término del tipo de soporte |
disco de computadora |
| Código del tipo de soporte |
cd |
| 500 ## - NOTA GENERAL |
| Nota general |
7° año Grupo 1<br/>Solo lo hay en Cd. -- <br/>El cd contiene reporte y planos. |
| 502 ## - NOTA DE TESIS |
| Nota de tesis |
Viaje de Estudios |
| Tipo de título |
(EIUPA) -- |
| Nombre de la institución que otorga el título |
UACh. Departamento de Ingeniería Agroindustrial, |
| Año de obtención del título |
2006 |
| 504 ## - NOTA DE BIBLIOGRAFÍA, ETC. |
| Nota de bibliografía, etc. |
Bibliografía: hoja 68 |
| 505 ## - NOTA DE CONTENIDO CON FORMATO |
| Nota de contenido con formato |
11 planos --<br/>1. Diagrama de recorrido de Xtabentun -- <br/>2. Plano de distribución de áreas -- <br/>3. Plano de distribución de Equipo -- <br/>4. Plano de distribución de drenaje -- <br/>5. Diagrama unifilar --<br/>6. Diagrama de tubería e instrumentación (D.T.I.) de caldera -- <br/>7. Diagrama unifilar -- <br/>8. Diagrama de tubería e instrumentación (D.T.I.) de mezcladora -- <br/>9. Diagrama de flujo de nance en licor -- <br/>10. Diagrama de flujo de licor de Xtabentun -- <br/>11. Diagrama de recorrido de nance en licor |
| 650 13 - PUNTO DE ACCESO ADICIONAL DE MATERIA--TÉRMINO DE MATERIA |
| Término de materia o nombre geográfico como elemento de entrada |
Chile habanero |
| 650 13 - PUNTO DE ACCESO ADICIONAL DE MATERIA--TÉRMINO DE MATERIA |
| Término de materia o nombre geográfico como elemento de entrada |
Licores |
| 9 (RLIN) |
66717 |
| 650 13 - PUNTO DE ACCESO ADICIONAL DE MATERIA--TÉRMINO DE MATERIA |
| Término de materia o nombre geográfico como elemento de entrada |
Salsas |
| 9 (RLIN) |
101789 |
| 650 13 - PUNTO DE ACCESO ADICIONAL DE MATERIA--TÉRMINO DE MATERIA |
| Término de materia o nombre geográfico como elemento de entrada |
Liqueurs |
| 9 (RLIN) |
155399 |
| 650 13 - PUNTO DE ACCESO ADICIONAL DE MATERIA--TÉRMINO DE MATERIA |
| Término de materia o nombre geográfico como elemento de entrada |
Sauces |
| 9 (RLIN) |
155349 |
| 700 1# - PUNTO DE ACCESO ADICIONAL--NOMBRE DE PERSONA |
| Nombre de persona |
Mejenes Quijano, Amilcar Renán |
| 9 (RLIN) |
147387 |
| Término indicativo de función/relación |
coordinador |
| 700 1# - PUNTO DE ACCESO ADICIONAL--NOMBRE DE PERSONA |
| Nombre de persona |
Szymanski Duque, Rosa Guadalupe |
| 9 (RLIN) |
151434 |
| Término indicativo de función/relación |
coordinadora |
| 700 1# - PUNTO DE ACCESO ADICIONAL--NOMBRE DE PERSONA |
| Nombre de persona |
Briones Bermudes, José Evandro |
| 9 (RLIN) |
155400 |
| Término indicativo de función/relación |
colaborador |
| 856 42 - LOCALIZACIÓN Y ACCESO ELECTRÓNICOS |
| Identificador Uniforme del Recurso |
<a href="http://10.13.5.2/ve/TC450EIUPA/TC450EIUPA2006-PLANO-DIAGRAMASDERECORRIDOXTABENTUN.pdf">http://10.13.5.2/ve/TC450EIUPA/TC450EIUPA2006-PLANO-DIAGRAMASDERECORRIDOXTABENTUN.pdf</a> |
| Texto de enlace |
DESCARGAR DIAGRAMA DE RECORRIDO DE XTABENTUN |
| 856 42 - LOCALIZACIÓN Y ACCESO ELECTRÓNICOS |
| Identificador Uniforme del Recurso |
<a href="http://10.13.5.2/ve/TC450EIUPA/TC450EIUPA2006-PLANO-PLANODEDISTRIBUCIONDEAREAS.pdf">http://10.13.5.2/ve/TC450EIUPA/TC450EIUPA2006-PLANO-PLANODEDISTRIBUCIONDEAREAS.pdf</a> |
| Texto de enlace |
DESCARGAR PLANO DE DISTRIBUCIÓN DE ÁREAS |
| 856 42 - LOCALIZACIÓN Y ACCESO ELECTRÓNICOS |
| Identificador Uniforme del Recurso |
<a href="http://10.13.5.2/ve/TC450EIUPA/TC450EIUPA2006-PLANO-DISTRIBUCIONDEMAQUINARIAYEQUIPO.pdf">http://10.13.5.2/ve/TC450EIUPA/TC450EIUPA2006-PLANO-DISTRIBUCIONDEMAQUINARIAYEQUIPO.pdf</a> |
| Texto de enlace |
DESCARGAR PLANO DE DISTRIBUCIÓN DE EQUIPO |
| 856 42 - LOCALIZACIÓN Y ACCESO ELECTRÓNICOS |
| Identificador Uniforme del Recurso |
<a href="http://10.13.5.2/ve/TC450EIUPA/TC450EIUPA2006-PLANO-DISTRIBUCIONDEDRENAJE.pdf">http://10.13.5.2/ve/TC450EIUPA/TC450EIUPA2006-PLANO-DISTRIBUCIONDEDRENAJE.pdf</a> |
| Texto de enlace |
DESCARGAR PLANO DE DISTRIBUCIÓN DE DRENAJE |
| 856 42 - LOCALIZACIÓN Y ACCESO ELECTRÓNICOS |
| Identificador Uniforme del Recurso |
<a href="http://10.13.5.2/ve/TC450EIUPA/TC450EIUPA2006-PLANO-DIAGRAMAUNIFILAR.pdf">http://10.13.5.2/ve/TC450EIUPA/TC450EIUPA2006-PLANO-DIAGRAMAUNIFILAR.pdf</a> |
| Texto de enlace |
DESCARGAR DIAGRAMA UNIFILAR |
| 856 42 - LOCALIZACIÓN Y ACCESO ELECTRÓNICOS |
| Identificador Uniforme del Recurso |
<a href="http://10.13.5.2/ve/TC450EIUPA/TC450EIUPA2006-PLANO-DTICALDERA.pdf">http://10.13.5.2/ve/TC450EIUPA/TC450EIUPA2006-PLANO-DTICALDERA.pdf</a> |
| Texto de enlace |
DESCARGAR DIAGRAMA DE TUBERÍA E INSTRUMENTACIÓN (DTI) DE CALDERA |
| 856 42 - LOCALIZACIÓN Y ACCESO ELECTRÓNICOS |
| Identificador Uniforme del Recurso |
<a href="http://10.13.5.2/ve/TC450EIUPA/TC450EIUPA2006-PLANO-DTI-MEZCLADORA.pdf">http://10.13.5.2/ve/TC450EIUPA/TC450EIUPA2006-PLANO-DTI-MEZCLADORA.pdf</a> |
| Texto de enlace |
DESCARGAR DIAGRAMA DE TUBERÍA E INSTRUMENTACIÓN (DTI) DE MEZCLADORA |
| 856 42 - LOCALIZACIÓN Y ACCESO ELECTRÓNICOS |
| Identificador Uniforme del Recurso |
<a href="http://10.13.5.2/ve/TC450EIUPA/TC450EIUPA2006-PLANO-DIAGRAMADEFLUJODENANCEENLICOR.pdf">http://10.13.5.2/ve/TC450EIUPA/TC450EIUPA2006-PLANO-DIAGRAMADEFLUJODENANCEENLICOR.pdf</a> |
| Texto de enlace |
DESCARGAR DIAGRAMA DE FLUJO DE NANCE EN LICOR |
| 856 42 - LOCALIZACIÓN Y ACCESO ELECTRÓNICOS |
| Identificador Uniforme del Recurso |
<a href="http://10.13.5.2/ve/TC450EIUPA/TC450EIUPA2006-PLANO-DIAGRAMADEFLUJOLICOR.pdf">http://10.13.5.2/ve/TC450EIUPA/TC450EIUPA2006-PLANO-DIAGRAMADEFLUJOLICOR.pdf</a> |
| Texto de enlace |
DESCARGAR DIAGRAMA DE FLUJO DE LICOR DE XTABENTUN |
| 856 42 - LOCALIZACIÓN Y ACCESO ELECTRÓNICOS |
| Identificador Uniforme del Recurso |
<a href="http://10.13.5.2/ve/TC450EIUPA/TC450EIUPA2006-PLANO-DIAGRAMADERECORRIDODENANCEENLICOR3.pdf">http://10.13.5.2/ve/TC450EIUPA/TC450EIUPA2006-PLANO-DIAGRAMADERECORRIDODENANCEENLICOR3.pdf</a> |
| Texto de enlace |
DESCARGAR DIAGRAMA DE RECORRIDO DE NANCE EN LICOR |
| 856 42 - LOCALIZACIÓN Y ACCESO ELECTRÓNICOS |
| Identificador Uniforme del Recurso |
<a href="http://10.13.5.2/ve/TC450EIUPA/TC450EIUPA2006-Reporte.pdf">http://10.13.5.2/ve/TC450EIUPA/TC450EIUPA2006-Reporte.pdf</a> |
| Texto de enlace |
DESCARGAR REPORTE |
| 942 ## - ELEMENTOS DE PUNTO DE ACCESO ADICIONAL (KOHA) |
| Fuente del sistema de clasificación o colocación |
Clasificación Universidad Autónoma de Chapingo |
| 901 ## - ELEMENTOS DE DATOS A LOCAL LDA (RLIN) |
| a |
T.C.450 S99 EIUPA 2006 |
| 902 ## - ELEMENTOS DE DATOS B LOCAL, LDB (RLIN) |
| a |
M |
| 905 ## - ELEMENTOS DE DATOS E LOCAL, LDE (RLIN) |
| a |
5132272006 mx del 8223123322spa16 |
| 942 ## - ELEMENTOS DE PUNTO DE ACCESO ADICIONAL (KOHA) |
| Tipo de ítem Koha |
Viaje de Estudios |